Statistiken für Geschichte nach Buchstabe - K

Klicken Sie hier um das Quiz zu spielen!

Allgemein

  • Dieses Quiz wurde 4.717 mal gespielt
  • Das Durchschnittsergebnis liegt bei 14 aus 22

Antwortstatistiken

HinweisAntwort% Korrekt
Er suchte Indien, aber fand dafür AmerikaChristoph Kolumbus
92%
Titel von Wilhelm II. (Dt. Reich)Kaiser
92%
Roms größtes AmphitheaterKolosseum
90%
Erster Führer NordkoreasKim Il-Sung
89%
Bürgerrechtsaktivist, der einen Traum hatteMartin Luther King
85%
Griechisch-ägyptische PharaoninKleopatra
83%
Mittelalterliche Versuche der Christen, das Heilige Land zu erobernKreuzzüge
80%
Japanische SelbstmordpilotenKamikaze
77%
"ismus", der von Karl Marx befürwortet wurdeKommunismus
76%
Hauptstadt des Byzantinischen ReichesKonstantinopel
68%
Halbinsel, die 1953 am 38. Breitengrad geteilt wurdeKorea
66%
Lee Harvey Oswald's OpferJohn F. Kennedy
62%
Japans Hauptstadt bis 1869Kyoto
62%
Befestigte Anlage Moskaus, bewohnt seit dem 2. Jahrhundert v. Chr.Kreml
61%
Markant gebogenes Schwert der SamuraiKatana
48%
Lord, der den absoluten Nullpunkt errechneteLord Kelvin
47%
Grenzgebiet, um das sich Indien, Pakistan und China streitenKaschmir
42%
Indonesischer Vulkan, der 1883 ausbrachKrakatau
35%
Südostasiatisches Reich mit Angkor als HauptstadtKhmer-Reich
29%
Kanadische Region, die 1896 einen Goldrausch erlebteKlondike
27%
Ort des Mau-Mau-KriegsKenia
24%
Floß, mit dem Thor Heyerdahl von Peru nach Polynesien segelteKon-Tiki
18%

Verteilung der Resultate

Perzentil nach korrekt beantworteten Fragen

Anzahl Personen mit jedem Resultat

Ihre Resultats-Entwicklung

Sie haben dieses Quiz noch nicht gespielt